Niche markets as a rural development strategy
Αποθηκεύτηκε σε:
| Συγγραφή απο Οργανισμό/Αρχή: | |
|---|---|
| Μορφή: | Βιβλίο |
| Γλώσσα: | English |
| Δημοσίευση: |
Paris :
Organisation for Economic Co-operation and Development,
c1995
|
| Θέματα: | |
| Ετικέτες: |
Προσθήκη ετικέτας
Δεν υπάρχουν, Καταχωρήστε ετικέτα πρώτοι!
|
MARC
| LEADER | 00000nam a2200000 i 4500 | ||
|---|---|---|---|
| 001 | 1/5027 | ||
| 008 | 960513s1995 i eng d | ||
| 020 | |a 92-64-14390-4 | ||
| 035 | |l 10015862 | ||
| 040 | |a GR-MY-UA |b gre |e aacr | ||
| 041 | 0 | |a eng | |
| 082 | 0 | |a 307.1412 | |
| 245 | 1 | 0 | |a Niche markets as a rural development strategy / |c Organisation for Economic co-operation and Development |
| 260 | |a Paris : |b Organisation for Economic Co-operation and Development, |c c1995 | ||
| 300 | |a 114 p.; |b ill., maps; |c 23 cm | ||
| 500 | |a Published in French under the title: Des creneaux commerciaux pour une strategie de developpement rural | ||
| 504 | |a Includes bibliographical references and index | ||
| 650 | 0 | 0 | |a Rural industries. |
| 650 | 0 | 0 | |a Rural development. |
| 710 | 2 | |a Organisation for Economic Co-operation and Development. | |
| 852 | |a INST |b LESVOS |e 19960513 |h 307.1412 NIC |p 005100010311 |q 005100010311 |t BK |y 0 | ||
| 909 | |a Λ |b 042736 | ||